[Event "Orlova op 4th"]
[Site "Orlova"]
[Date "2007.05.24"]
[Round "6"]
[White "Sirenko, Oleh"]
[Black "Gutdeutsch, Otto"]
[Result "1-0"]
[WhiteElo "1900"]
[BlackElo "2015"]
[PlyCount "67"]
[EventDate "2007.05.19"]
[EventType "swiss"]
[EventRounds "9"]
[EventCountry "CZE"]
[SourceTitle "EXT 2012"]
[Source "ChessBase"]
[SourceDate "2011.11.24"]
[SourceVersion "1"]
[SourceVersionDate "2011.11.24"]
[SourceQuality "1"]

1. e4 e5 2. Nf3 Nc6 3. Bb5 Bc5 4. 0-0 Nf6 5. Re1 0-0 6. h3 h6 7. c3 d6 8. d4 Bb6 9. Bxc6 bxc6 10. dxe5 Nh7 11. Bf4 d5 12. exd5 cxd5 13. Nbd2 Ba6 14. Qb3 Rb8 15. Qc2 Re8 16. Rad1 Re6 17. c4 Ba5 18. cxd5 Reb6 19. b3 Rg6 20. e6 Qxd5 21. exf7+ Qxf7 22. Bg3 Re6 23. Rxe6 Qxe6 24. Re1 Qf7 25. Re5 Bb4 26. Re4 Ba5 27. Ra4 Qd5 28. Nc4 Bxc4 29. Rxc4 Rd8 30. Rd4 Qa8 31. Bxc7 Rxd4 32. Nxd4 Qd5 33. Bxa5 Qxd4 34. Qc4+ 1-0

[Event "Orlova op 4th"]
[Site "Orlova"]
[Date "2007.05.23"]
[Round "5"]
[White "Gutdeutsch, Otto"]
[Black "Kosiorek, Lukasz"]
[Result "0-1"]
[WhiteElo "2015"]
[BlackElo "1754"]
[PlyCount "80"]
[EventDate "2007.05.19"]
[EventType "swiss"]
[EventRounds "9"]
[EventCountry "CZE"]
[SourceTitle "EXT 2012"]
[Source "ChessBase"]
[SourceDate "2011.11.24"]
[SourceVersion "1"]
[SourceVersionDate "2011.11.24"]
[SourceQuality "1"]

1. e4 e6 2. d4 d5 3. Nd2 Nf6 4. e5 Nfd7 5. Bd3 c5 6. c3 Nc6 7. Ne2 f5 8. exf6 Nxf6 9. Nf3 Bd6 10. Bf4 0-0 11. Be5 Bxe5 12. Nxe5 Nxe5 13. dxe5 Nd7 14. f4 Qh4+ 15. g3 Qh3 16. Qd2 a6 17. 0-0-0 b5 18. Ng1 Qh5 19. h4 c4 20. Bc2 Rb8 21. Nh3 h6 22. Ng5 Nc5 23. Qd4 Nd3+ 24. Bxd3 cxd3 25. Qxd3 hxg5 26. hxg5 Qg4 27. Qh7+ Kf7 28. g6+ Qxg6 29. Qh4 Bd7 30. g4 Rh8 31. Qg3 Qe4 32. Rhf1 b4 33. Rd4 Qe2 34. Qf3 Qxf3 35. Rxf3 bxc3 36. b4 Rh1+ 37. Kc2 Rc8 38. Rxc3 Ba4+ 39. Kb2 Rh2+ 40. Ka3 Rxc3+ 0-1

[Event "Ostrava SME op"]
[Site "Ostrava"]
[Date "2005.05.02"]
[Round "3"]
[White "Gutdeutsch, Otto"]
[Black "Kociscak, Jiri"]
[Result "0-1"]
[WhiteElo "2072"]
[BlackElo "2030"]
[PlyCount "98"]
[EventDate "2005.04.30"]
[EventType "swiss"]
[EventRounds "9"]
[EventCountry "CZE"]
[SourceTitle "CBM 106 Extra"]
[Source "ChessBase"]
[SourceDate "2005.07.01"]
[SourceVersion "1"]
[SourceVersionDate "2005.07.01"]
[SourceQuality "1"]

1. c4 c5 2. Nc3 Nc6 3. Nf3 g6 4. d4 cxd4 5. Nxd4 Bg7 6. e3 Nf6 7. Be2 0-0 8. h4 d6 9. h5 Bd7 10. hxg6 hxg6 11. Bd2 Rc8 12. Rc1 Ne5 13. b3 Re8 14. e4 Qb6 15. Be3 Neg4 16. Nf5 Nxe3 17. Nxe3 Bc6 18. Bf3 Qa5 19. Qd2 a6 20. Ke2 b5 21. Rh4 e6 22. Qxd6 Red8 23. Qf4 b4 24. e5 Bxf3+ 25. gxf3 Nh5 26. Rxh5 gxh5 27. Rg1 Kf8 28. Rxg7 Kxg7 29. Qf6+ Kf8 30. Ne4 Rb8 31. Ng5 Qxa2+ 32. Kf1 Qb1+ 33. Ke2 Qd3+ 34. Ke1 Qd2+ 35. Kf1 Qd3+ 36. Ke1 Qg6 37. Nxe6+ Kg8 38. Qxg6+ fxg6 39. Nd5 Rxd5 40. cxd5 Re8 41. Nc7 Rxe5+ 42. Kf1 a5 43. Kg2 Kf7 44. f4 Re4 45. Kf3 Ke7 46. Nb5 a4 47. bxa4 b3 48. Nc3 b2 49. f5 gxf5 0-1

[Event "Ostrava SME op"]
[Site "Ostrava"]
[Date "2005.05.01"]
[Round "2"]
[White "Novak, Bohdan"]
[Black "Gutdeutsch, Otto"]
[Result "1-0"]
[WhiteElo "1934"]
[BlackElo "2072"]
[PlyCount "51"]
[EventDate "2005.04.30"]
[EventType "swiss"]
[EventRounds "9"]
[EventCountry "CZE"]
[SourceTitle "CBM 106 Extra"]
[Source "ChessBase"]
[SourceDate "2005.07.01"]
[SourceVersion "1"]
[SourceVersionDate "2005.07.01"]
[SourceQuality "1"]

1. e4 e5 2. Nf3 Nc6 3. Bb5 Bc5 4. 0-0 Nd4 5. Nxd4 exd4 6. d3 c6 7. Bc4 h6 8. Bxf7+ Kxf7 9. Qh5+ g6 10. Qxc5 Qf6 11. e5 Qh4 12. Nd2 Ne7 13. Nf3 Qg4 14. Qxd4 Qxd4 15. Nxd4 c5 16. Nb5 Nc6 17. Nd6+ Ke6 18. f4 Nd4 19. Rf2 h5 20. Be3 Kd5 21. c4+ Kc6 22. Bxd4 cxd4 23. Rf3 b6 24. Rg3 Rh6 25. Nf7 Rh7 26. Rxg6+ 1-0

[Event "Chrudim op"]
[Site "Chrudim"]
[Date "2004.07.12"]
[Round "8"]
[White "Jerman, Milos"]
[Black "Gutdeutsch, Otto"]
[Result "0-1"]
[WhiteElo "1658"]
[BlackElo "2116"]
[PlyCount "120"]
[EventDate "2004.07.06"]
[EventType "swiss"]
[EventRounds "9"]
[EventCountry "CZE"]
[SourceTitle "EXT 2006"]
[Source "ChessBase"]
[SourceDate "2005.11.24"]
[SourceVersion "1"]
[SourceVersionDate "2005.11.24"]
[SourceQuality "1"]

1. e4 e5 2. Nf3 Nc6 3. Bb5 Bc5 4. 0-0 Nf6 5. d3 h6 6. h3 Qe7 7. Nbd2 0-0 8. Re1 Bxf2+ 9. Kxf2 Qc5+ 10. Kf1 Qxb5 11. Nb3 d6 12. a4 Qa6 13. Kg1 Ne7 14. Be3 Be6 15. c4 b6 16. Qd2 Kh7 17. Rf1 Ng6 18. Nh2 Qc8 19. Bxh6 Nxe4 20. dxe4 Bxc4 21. Bxg7 Kxg7 22. Ng4 Nf4 23. Rf3 Bxb3 24. Rxb3 Qe6 25. Rg3 Kh7 26. Rf1 Rg8 27. Rxf4 exf4 28. Qxf4 Rg6 29. Ne3 Rxg3 30. Qh4+ Qh6 31. Qxg3 Rg8 32. Qf3 Qg6 33. Nd5 Rg7 34. Nf6+ Kh8 35. g4 Qg5 36. h4 Qxh4 37. Qf5 Qg5 38. Qc8+ Rg8 39. Nxg8 Qxg8 40. Qf5 Qg6 41. Qc8+ Kg7 42. Qxc7 Qxg4+ 43. Kf2 Qf4+ 44. Kg1 Qg3+ 45. Kf1 Qd3+ 46. Kf2 Qd4+ 47. Kf1 a5 48. Qc2 Kf6 49. Qc7 Qc5 50. Qd8+ Kg7 51. Qe7 Qc1+ 52. Ke2 Qxb2+ 53. Ke3 Qc3+ 54. Ke2 Qe5 55. Qh4 d5 56. Qg4+ Kh6 57. Qh4+ Kg6 58. Qg4+ Kf6 59. Qh4+ Ke6 60. Qh6+ f6 0-1

[Event "Plzen op-A 10th"]
[Site "Plzen"]
[Date "2004.??.??"]
[Round "6"]
[White "Cecil, Pavel"]
[Black "Gutdeutsch, Otto"]
[Result "1/2-1/2"]
[WhiteElo "2040"]
[BlackElo "2115"]
[PlyCount "120"]
[EventDate "2004.08.??"]
[EventType "swiss"]
[EventRounds "9"]
[EventCountry "CZE"]
[SourceTitle "EXT 2007"]
[Source "ChessBase"]
[SourceDate "2006.11.23"]
[SourceVersion "1"]
[SourceVersionDate "2006.11.23"]
[SourceQuality "1"]

1. Nf3 Nc6 2. g3 e5 3. d3 Nf6 4. Bg2 Bc5 5. Nbd2 d5 6. 0-0 Be6 7. c3 Qd7 8. b4 Bd6 9. a3 Ne7 10. Re1 Ng6 11. e4 c6 12. d4 dxe4 13. Ng5 0-0-0 14. Nxe6 Qxe6 15. Nxe4 exd4 16. Bg5 Be5 17. f4 dxc3 18. Qc2 Bd4+ 19. Kh1 Qc4 20. Rad1 h6 21. Bxf6 gxf6 22. Nd2 Qb5 23. Nb3 Qb6 24. Nxd4 Rxd4 25. Qxc3 Rhd8 26. Rxd4 Qxd4 27. Qf3 Qd3 28. Bh3+ Kc7 29. Qxd3 Rxd3 30. Ra1 Ne7 31. Bf1 Rd2 32. Bc4 Nd5 33. h4 Kd6 34. Re1 b5 35. Bxd5 cxd5 36. Re8 Rd3 37. Kg2 Rxa3 38. Rh8 Rb3 39. Rxh6 Ke7 40. Rh8 Rxb4 41. h5 d4 42. h6 Rb2+ 43. Kh3 Rb1 44. h7 Rh1+ 45. Kg2 Rh6 46. Kf3 f5 47. Rb8 Rxh7 48. Rxb5 Ke6 49. Re5+ Kf6 50. Rd5 Rh1 51. Rd6+ Ke7 52. Ra6 Re1 53. Rxa7+ Kf6 54. Rd7 Re4 55. Rd8 Ke6 56. Kf2 f6 57. Kf3 Re3+ 58. Kf2 Rd3 59. Ke2 Re3+ 60. Kd2 Re4 1/2-1/2

[Event "Prague Visus op"]
[Site "Prague"]
[Date "2004.??.??"]
[Round "?"]
[White "Ratolistka, Josef"]
[Black "Gutdeutsch, Otto"]
[Result "1-0"]
[WhiteElo "2076"]
[BlackElo "2116"]
[PlyCount "111"]
[EventDate "2004.07.??"]
[EventType "swiss"]
[EventRounds "9"]
[EventCountry "CZE"]
[SourceTitle "EXT 2006"]
[Source "ChessBase"]
[SourceDate "2005.11.24"]
[SourceVersion "1"]
[SourceVersionDate "2005.11.24"]
[SourceQuality "1"]

1. Nf3 d5 2. d4 Nf6 3. Bf4 e6 4. e3 c5 5. c3 Nc6 6. Nbd2 a6 7. Bd3 h6 8. Ne5 Bd6 9. Nxc6 bxc6 10. dxc5 Bxc5 11. Qe2 Bd6 12. Bxd6 Qxd6 13. e4 e5 14. 0-0 0-0 15. Rad1 a5 16. exd5 cxd5 17. Nc4 Qe6 18. Nxe5 Re8 19. f4 Ng4 20. Kh1 Nxe5 21. fxe5 Qxe5 22. Qf2 Be6 23. Bb5 Re7 24. a4 Rf8 25. Qf4 f6 26. Rde1 Qxf4 27. Rxf4 Kf7 28. Rd4 Rc7 29. Kg1 Rb8 30. Red1 Rc5 31. Kf2 g5 32. Ke3 h5 33. Kd2 f5 34. h4 Rg8 35. g3 Kf6 36. Ke3 f4+ 37. Kf2 f3 38. hxg5+ Rxg5 39. R1d3 Bg4 40. Rf4+ Rf5 41. Rxf5+ Kxf5 42. Re3 d4 43. Bd3+ Kg5 44. cxd4 Rc1 45. Re1 Rc6 46. Re5+ Kf6 47. Be4 Rd6 48. Bxf3 Rxd4 49. Re4 Rxe4 50. Bxe4 Bd1 51. b4 axb4 52. a5 b3 53. Ke1 Ke5 54. Kxd1 Kxe4 55. a6 Kd3 56. Kc1 1-0

[Event "Leutersdorf Muench Braeu op 05th"]
[Site "Leutersdorf"]
[Date "2000.02.13"]
[Round "1"]
[White "Siegmund, Rainer"]
[Black "Gutdeutsch, Otto"]
[Result "1-0"]
[WhiteElo "2142"]
[BlackElo "2142"]
[PlyCount "79"]
[EventDate "2000.02.13"]
[EventType "swiss"]
[EventRounds "9"]
[EventCountry "GER"]
[SourceTitle "EXT 2001"]
[Source "ChessBase"]
[SourceDate "2000.11.22"]
[SourceVersion "1"]
[SourceVersionDate "2000.11.22"]
[SourceQuality "1"]

1. d4 Nf6 2. c4 e5 3. dxe5 Ne4 4. Nd2 Bb4 5. a3 Bxd2+ 6. Bxd2 Nc6 7. Nf3 Qe7 8. Bf4 Qc5 9. e3 g5 10. Bg3 h5 11. Qd5 Qxd5 12. cxd5 Ne7 13. d6 Nc6 14. h3 cxd6 15. exd6 Rh6 16. Rd1 h4 17. Bh2 f5 18. Bd3 Nxd6 19. Nxg5 Rg6 20. Bf4 Nf7 21. Nxf7 Kxf7 22. Bxf5 Rxg2 23. Kf1 Rg8 24. Rg1 b6 25. Rxg8 Ba6+ 26. Bd3 Bxd3+ 27. Rxd3 Rxg8 28. Rxd7+ Ke8 29. Rh7 Rg6 30. Rxh4 Kd7 31. Rh7+ Ke6 32. Rh6 Kf5 33. Rxg6 Kxg6 34. Ke2 Kh5 35. Bg3 Ne7 36. Kd2 a6 37. e4 Nc6 38. f4 Kg6 39. Kc3 Ne7 40. Bf2 1-0

[Event "Dunajska Streda op"]
[Site "Dunajska Streda"]
[Date "1999.06.17"]
[Round "8"]
[White "Skarba, Stanislav"]
[Black "Gutdeutsch, Otto"]
[Result "1-0"]
[WhiteElo "1859"]
[BlackElo "2161"]
[PlyCount "133"]
[EventDate "1999.06.12"]
[EventType "swiss"]
[EventRounds "9"]
[EventCountry "SVK"]
[SourceTitle "EXT 2006"]
[Source "ChessBase"]
[SourceDate "2005.11.24"]
[SourceVersion "1"]
[SourceVersionDate "2005.11.24"]
[SourceQuality "1"]

1. d4 Nf6 2. c4 e5 3. dxe5 Ne4 4. Qd5 Bb4+ 5. Nd2 Ng5 6. a3 c6 7. Qd3 Qa5 8. e3 d5 9. exd6 Bf5 10. Qd4 Ne6 11. Qh4 Bxd6 12. Qh5 Nd7 13. Qd1 Ne5 14. Ngf3 0-0-0 15. Be2 Nxf3+ 16. Bxf3 Bd3 17. Be2 Nf4 18. Bxd3 Nxd3+ 19. Kf1 Be5 20. b4 Nxb4 21. Qg4+ Kb8 22. Nb3 Qc7 23. axb4 Bxa1 24. Nxa1 Qe5 25. Nc2 Qc3 26. Qe2 Rd7 27. g3 Rhd8 28. Kg2 Rd2 29. Bxd2 Rxd2 30. Qf3 Qxc2 31. Qxf7 Qe4+ 32. Qf3 Qxc4 33. Qf8+ Kc7 34. Qxg7+ Kb6 35. Qxh7 Qe2 36. Qf5 Rd5 37. Qe4 Qb5 38. Ra1 Qe2 39. h4 Qb2 40. Rb1 Qf6 41. Rc1 Rd2 42. Qf3 Qb2 43. Rc4 Qa2 44. Rf4 Qb1 45. Qh5 Rd5 46. Qe8 Qe1 47. h5 Rd1 48. Kf3 Rd2 49. Kg2 Qd1 50. Kh3 Qe2 51. f3 Rd3 52. Kg4 Ka6 53. Qe5 Rd5 54. Qa1+ Kb6 55. e4 Rb5 56. Qd4+ Ka6 57. e5 Qe1 58. Re4 Qh1 59. Qd3 Kb6 60. Qe3+ Ka6 61. h6 Rd5 62. Rd4 Rxd4+ 63. Qxd4 Qxh6 64. Qa1+ Kb5 65. Qa5+ Kc4 66. Qc5+ Kd3 67. Qd6+ 1-0

[Event "Dunajska Streda op"]
[Site "Dunajska Streda"]
[Date "1999.06.16"]
[Round "7"]
[White "Grof, Stefan"]
[Black "Gutdeutsch, Otto"]
[Result "1-0"]
[WhiteElo "1926"]
[BlackElo "2161"]
[PlyCount "63"]
[EventDate "1999.06.12"]
[EventType "swiss"]
[EventRounds "9"]
[EventCountry "SVK"]
[SourceTitle "EXT 2006"]
[Source "ChessBase"]
[SourceDate "2005.11.24"]
[SourceVersion "1"]
[SourceVersionDate "2005.11.24"]
[SourceQuality "1"]

1. Nf3 d5 2. g3 Nf6 3. Bg2 Nbd7 4. 0-0 e5 5. d3 Be7 6. Nbd2 h5 7. c4 c6 8. cxd5 Nxd5 9. Nc4 h4 10. Ncxe5 hxg3 11. hxg3 Nxe5 12. Nxe5 Qd6 13. Nf3 Bg4 14. Qa4 Bxf3 15. Bxf3 Nb4 16. a3 Qe6 17. Rd1 b5 18. Qa5 Nc2 19. Qc3 Nxa1 20. Qxc6+ Qxc6 21. Bxc6+ Kd8 22. Bxa8 Nb3 23. Be3 Bc5 24. Bd5 Nd4 25. Rd2 Re8 26. Kg2 f6 27. b4 Rxe3 28. fxe3 Nf5 29. bxc5 Nxe3+ 30. Kf3 Nxd5 31. e4 Ne7 32. d4 1-0

[Event "Bratislava Doprastav op"]
[Site "Bratislava"]
[Date "1998.??.??"]
[Round "6"]
[White "Gutdeutsch, Otto"]
[Black "Jambrich, Jaromir"]
[Result "1-0"]
[WhiteElo "2175"]
[BlackElo "1770"]
[PlyCount "65"]
[EventDate "1998.??.??"]
[EventType "swiss"]
[EventRounds "9"]
[EventCountry "SVK"]
[SourceTitle "EXT 1999"]
[Source "ChessBase"]
[SourceDate "1998.11.16"]
[SourceVersion "1"]
[SourceVersionDate "1998.11.16"]
[SourceQuality "1"]

1. e4 Nf6 2. e5 Nd5 3. Nf3 d6 4. Bc4 c6 5. 0-0 Bf5 6. Re1 e6 7. c3 Nb6 8. Bb3 d5 9. d4 c5 10. dxc5 Bxc5 11. Be3 Bxe3 12. Rxe3 Nc6 13. Nd4 Nxd4 14. Qxd4 0-0 15. Nd2 Qc7 16. h4 h6 17. g4 Bg6 18. Rae1 Qe7 19. h5 Bh7 20. Rg3 f6 21. exf6 Qxf6 22. Re5 Nd7 23. Rxe6 Qxd4 24. cxd4 Nf6 25. f4 Rad8 26. f5 Nxg4 27. Re7 Bxf5 28. Bd1 Rde8 29. Rxe8 Rxe8 30. Bxg4 Bxg4 31. Rxg4 Re1+ 32. Kh2 Re2+ 33. Rg2 1-0

[Event "Bratislava Doprastav op"]
[Site "Bratislava"]
[Date "1998.??.??"]
[Round "5"]
[White "Halasz, Michal"]
[Black "Gutdeutsch, Otto"]
[Result "0-1"]
[WhiteElo "1865"]
[BlackElo "2175"]
[PlyCount "76"]
[EventDate "1998.??.??"]
[EventType "swiss"]
[EventRounds "9"]
[EventCountry "SVK"]
[SourceTitle "EXT 1999"]
[Source "ChessBase"]
[SourceDate "1998.11.16"]
[SourceVersion "1"]
[SourceVersionDate "1998.11.16"]
[SourceQuality "1"]

1. d4 Nf6 2. c4 e5 3. dxe5 Ne4 4. Nf3 Nc6 5. e3 Bb4+ 6. Bd2 Qe7 7. a3 Nxd2 8. Nbxd2 Bxd2+ 9. Qxd2 Nxe5 10. Be2 d6 11. 0-0 Bd7 12. Nxe5 dxe5 13. e4 0-0 14. Qe3 c5 15. Rfd1 b6 16. b4 Bc6 17. b5 Bb7 18. Bg4 Rad8 19. Rxd8 Rxd8 20. Rd1 Rxd1+ 21. Bxd1 Qd6 22. Be2 g6 23. Qd3 Qe7 24. g3 Kg7 25. h4 Bc8 26. Bf3 Be6 27. Be2 g5 28. hxg5 Qxg5 29. Qe3 Qxe3 30. fxe3 Kg6 31. Kf2 Kg5 32. Bd3 Bg4 33. Be2 Bxe2 34. Kxe2 Kg4 35. Kf2 Kh3 36. Kf3 f6 37. Kf2 Kh2 38. Kf3 Kg1 0-1

[Event "Olomouc op"]
[Site "Olomouc"]
[Date "1998.??.??"]
[Round "5"]
[White "Prikryl, Tomas"]
[Black "Gutdeutsch, Otto"]
[Result "1/2-1/2"]
[WhiteElo "2015"]
[BlackElo "2165"]
[PlyCount "24"]
[EventDate "1998.08.??"]
[EventType "swiss"]
[EventRounds "9"]
[EventCountry "CZE"]
[SourceTitle "EXT 1999"]
[Source "ChessBase"]
[SourceDate "1998.11.16"]
[SourceVersion "1"]
[SourceVersionDate "1998.11.16"]
[SourceQuality "1"]

1. d4 Nf6 2. Nf3 g6 3. c4 Bg7 4. Nc3 0-0 5. Bg5 d6 6. e3 Bg4 7. Be2 Bxf3 8. Bxf3 c6 9. 0-0 Nbd7 10. h3 Qa5 11. Bh4 Rfe8 12. Qc2 e5 1/2-1/2